Word Ladder: Pancake Quiz Stats

 Plays Quiz Updated Jul 13, 2014

Support Sporcle.
Go Orange.
Score 0/16 Timer 02:00
1 Play Today
Clue 4-Letter Word % Correct
Grains on the beachSAND
94.4%
Mail a letterSEND
94%
Went down, like the TitanicSANK
91.8%
Move a wing up and downFLAP
91.4%
Fix a hole in clothMEND
89.8%
High School uber athleteJOCK
85.2%
Tool for changing a tireJACK
83.8%
Light foot protectorSOCK
83.7%
Clue 4-Letter Word % Correct
A defectFLAW
83.2%
Used wingsFLEW
82.9%
Raid a city and takes its valuablesSACK
81.7%
Escaped away fromFLED
80.8%
A honeyed beverageMEAD
79.2%
Look over a tomeREAD
76.8%
Slop for a pigFEED
74.1%
Richards of the Fantastic 4REED
70.9%

Today's Daily Dose

You're not logged in!

Compare scores with friends on all Sporcle quizzes.
OR
Log In

From the Vault

Ends with 'END'

by MSUKent

It's the end of the word as we know it.
Remove Ads.
Support Sporcle.
Get the best of Sporcle when you Go Orange. This ad-free experience offers more features, more stats, and more fun while also helping to support Sporcle. Thank you for becoming a member.

Show Comments

Extras

Top Quizzes Today


Score Distribution

Your Account Isn't Verified!

In order to create a playlist on Sporcle, you need to verify the email address you used during registration. Go to your Sporcle Settings to finish the process.

Report this User

Report this user for behavior that violates our Community Guidelines.

Details: